| 000 | 01468 a2200229 4500 | ||
|---|---|---|---|
| 001 | 52896 | ||
| 005 | 20260407155803.0 | ||
| 008 | 260407a1998 arg spa d | ||
| 003 | AR-UNSa-BCEJYS | ||
| 040 |
_aAR-UNSa-BCEJYS _bspa _cAR-UNSa-BCEJYS |
||
| 080 |
_a330.101.541 _xMacroeconomía |
||
| 245 | 1 | 0 | _aMacroeconomía |
| 020 | _a84-344-2142-9 | ||
| 264 | 1 |
_aBarcelona : _bAriel _c1998 |
|
| 300 |
_a612 p. _c24 cm. |
||
| 505 | _a1. El automóvil y la economía - 2. Premisas básicas - 3. El sistema de precios - 4. Objetivos e indicadores macroeconómicos - 5. Fundamentos microeconómicos - 6. El modelo de pleno empleo - 7. Utilización del modelo de pleno empleo - 8. Visión panorámica del análisis macroeconómico del paro - 9. La demanda agregada - 10. El consumo y la inversión - 11. El denero, la banca y el crédito - 12. La teoría monetaria - 13. La política fiscal y monetaria - 14. La inflación: La dinámica de los salarios y de los precios - 15. El paro: Comprender la rigidez de los salarios - 16. La inflación y el paro: Enfoques de la política económica - 17. El crecimiento y la productividad - 18. Los déficit y su reducción - 19. La política comercial - 20. Otros sistemas económicos - 21. El desarrollo | ||
| 041 | _aspa | ||
| 942 | _cBK | ||
| 590 | _aniveau_biblio:m niveau_hierar:0 | ||
| 100 | 1 | _aStiglitz, Joseph E. | |
| 856 | 4 | 1 |
_uhttps://www.biblioeco.unsa.edu.ar/pmb/images/libros/L128331.jpg _yImagen de portada _qimage/jpeg |
| 999 |
_c5018 _d5018 |
||